000 01782cam a2200373 i 4500
001 65202
003 Mx-PuUPA
005 20250127102945.0
008 030310s2011 mx a grb 000 0 spa d
020 _a9788434469556
_qvolumen 3
040 _aMx-PuUPA
_cMx-PuUPA
_bspa
_dMx-PuUPA
_erda
041 1 _aspa
_heng
100 1 _aCopleston, Frederick C.,
_q(Frederick Charles),
_d1907-1994
_93566
_eautor
240 1 0 _aA history of philosophy.
_lEspañol
245 1 0 _aHistoria de la filosofía.
_nVolumen III.
_pDe la filosofía kantiana al idealismo /
_cFrederick Copleston
250 _aPrimera edición castellana/
_bdirigida por Manuel Sacristán
264 1 _aBarcelona :
_bEditorial Ariel,
_c2011
300 _a1 volumen (paginación varía) ;
_c22 cm
336 _2rdacontent
_atexto
_btxt
337 _2rdamedia
_asin medio
_bn
338 _2rdacarrier
_avolumen
_bnc
505 0 _gtomo VI.
_tDe Wolf a Kant /
_rtraducción de Manuel Sacristán. --
_gtomo VII.
_tDe Fichte a Nietzsche /
_rtraducción de Ana Somènech.
650 7 _2armarc
_aFilosofía
_xHistoria
700 1 _aSacristán, Manuel,
_edirector
_etraductor
700 1 _aSomènech, Ana,
_etraductor
700 1 2 _aCopleston, Frederick C., (Frederick Charles),
_d1907-1994.
_tA history of philosophy.
_nTomo VI.
_pWolff to Kant.
_lEspañol.
700 1 2 _aCopleston, Frederick C., (Frederick Charles),
_d1907-1994.
_tA history of philosophy.
_nTomo VII.
_pFichte to Nietzsche.
_lEspañol.
740 0 2 _aHistoria de la filosofía.
_nTomo VI.
_pDe Wolf a Kant.
740 0 2 _aHistoria de la filosofía.
_nTomo VII.
_pDe Fichte a Nietzsche.
942 _2ddc
_cLI
_h109
_iC78
999 _c65202
_d65202